Obnova bytových domov - hromadná bytová výstavba

Bibliographic Details
Main Author: Halahyja, Martin, 1929-2016 (Author)
Format: Article
Language:Slovak
ISSN:1335-5007
Subjects:

MARC

LEADER 00000nab a2200000 a 4500
001 vtls000836313
003 SK-MaSNL
005 20260304142637.0
008 250505c2003 xo 0 slo
015 |a SNBRB2003/06-15391 
035 |a CLN000187968 
035 |a urn:nbn:sk:snk-abafwn 
035 |a (urnnbn)urn:nbn:sk:snk:ar-a0adl4 
035 |a (uuid)67b26267-a813-4a81-8f99-ba235abc600c 
040 |a SNKBUCL  |b slo  |c SNKBUCL  |e AACR2 
041 0 |a slo 
044 |a xo  |c SK 
080 |a 728.2.02(048)  |2 1997 
080 |a 69.059.7(048)  |2 1997 
100 1 |a Halahyja, Martin,  |d 1929-2016  |4 aut  |9 194878 
245 1 0 |a Obnova bytových domov - hromadná bytová výstavba  |c Martin Halahyja 
650 0 7 |a domy bytové  |x obnova  |x monografie  |x recenzie  |2 snkbucl  |9 1462565 
655 7 |a články z novín a časopisov  |2 snkbucl  |9 267496 
773 0 |t Projekt a stavba  |g Roč. 5, č. 3 (2003), s. 11  |x 1335-5007 
787 0 8 |i Rec.:  |a Sternová, Zuzana  |t Obnova bytových domov  |d Bratislava : Jaga group, 2002  |z 8088905680 
850 |a Slovenská národná knižnica 
852 |a Slovenská národná knižnica 
954 |a odborná, vedecká literatúra pôvodná (slovenská)  |2 lita 
958 |a article14 
958 |a RC 
958 |a OND 
958 |a EUIPO 
992 |a RBX 
999 |c 2922213  |d 2924143